Romeinse Keizers - Statistieken

Algemene statistieken
  • Deze quiz is 113 keer genomen
  • De gemiddelde score is 21 van 84
Antwoordstatistieken
Regeerperiode Keizer % Correct
27 v.Chr.-14 n.Chr. Augustus
96%
54–68 Nero
83%
37–41 Caligula
65%
306–337 Constantijn I
63%
337–340 Constantijn II
63%
14–37 Tiberius
60%
41–54 Claudius
58%
268–270 Claudius II Gothicus
58%
117–138 Hadrianus
52%
138–161 Antoninus Pius
50%
249–251 Decius
50%
475–476 Romulus Augustulus
50%
98–117 Trajanus
50%
161–180 Marcus Aurelius
48%
69–79 Vespasianus
48%
177–192 Commodus
44%
68–69 Galba
44%
69 Otho
44%
474–475 Julius Nepos
42%
79–81 Titus
42%
193–211 Septimius Severus
40%
81–96 Domitianus
38%
222–235 Severus Alexander
38%
306–307 Severus II
38%
96–98 Nerva
35%
379–395 Theodosius I
35%
402–450 Theodosius II
35%
461–465 Libius Severus
33%
69 Vitellius
33%
198–217 Caracalla
29%
284–305 Diocletianus
29%
193 Didius Julianus
23%
209–211 Geta
23%
360–363 Julianus II Apostata
23%
161–169 Lucius Verus
21%
218–222 Elagabalus / Heliogabalus
19%
193 Pertinax
19%
364–378 Valens
19%
305–306 Constantius I Chlorus
17%
337–361 Constantius II
17%
421 Constantius III
17%
217–218 Macrinus
17%
253–260 Valerianus
17%
337–350 Constans I
15%
238 Gordianus I
15%
238 Gordianus II
15%
238–244 Gordianus III
15%
306–312 Maxentius
15%
253 Aemilianus
13%
270–275 Aurelianus
13%
235–238 Maximinus I
13%
311–313 Maximinus II
13%
244–249 Philippus Arabs
13%
276–282 Probus
13%
238 Balbinus
10%
282–283 Carus
10%
276 Florianus
10%
253–268 Gallienus
10%
363–364 Jovianus
10%
286–305 Maximianus
10%
238 Pupienus
10%
251–253 Trebonianus Gallus
10%
383–408 Arcadius
8%
283–285 Carinus
8%
305–311 Galerius
8%
393–423 Honorius
8%
308–324 Licinius
8%
270 Quintillus
8%
275–276 Tacitus
8%
364–375 Valentinianus I
8%
375–392 Valentinianus II
8%
424–455 Valentinianus III
8%
473–474 Glycerius
6%
367–383 Gratianus
6%
251 Hostilianus
6%
423–425 Johannes
6%
457–461 Majorianus
6%
283–284 Numerianus
6%
350 Vetranio
6%
467–472 Anthemius
4%
450–457 Marcianus
4%
472–472 Olybrius
4%
455 Petronius Maximus
4%
455–456 Avitus
2%
Geen overeenkomende quizzen gevonden
Scoreverdeling
Procent van Mensen met Elke Score
Percentiel versus Aantal Correcte Antwoorden
Uw Scoregeschiedenis
U heeft deze quiz nog niet genomen